| 000 | 00743nam a22002055i 4500 | ||
|---|---|---|---|
| 001 | 178187 | ||
| 003 | ES-MaACL | ||
| 005 | 20250827100433.0 | ||
| 008 | 110523s1968 sp |||| | spa d | ||
| 080 | _a573.5 | ||
| 245 | 0 | 3 |
_aLa vida _b: su aparición y sus primeros pasos sobre la tierra. |
| 260 |
_aMadrid : _bDelblan, _cD. L. 1968. |
||
| 300 |
_a16 p. ; _c16 cm. |
||
| 490 | 1 |
_aMosaico cultural : colección de temas instructivos. 2. Curiosidades de la naturaleza ; _v1 |
|
| 500 | _aEncuadernado con otros títulos. | ||
| 650 | 7 |
_aVida (Biología) _2embne _9136981 |
|
| 830 | 0 | 0 |
_aMosaico cultural: colección de temas instructivos _v1 _9190806 |
| 852 |
_aES-MaACL _jE-15189 (1) _xOlim P-1923 |
||
| 999 |
_c178187 _d178187 |
||